| 000 | 00771cab a2200253 4500 | ||
|---|---|---|---|
| 001 | ABS50238 | ||
| 008 | 090401t1994 xxu||||| |||| 00| 0 eng d | ||
| 035 | _a(Sirsi) u74763 | ||
| 041 | _aeng | ||
| 100 | _aPowell-Smith, V. | ||
| 245 | _aOur man in Malaysia | ||
| 260 | _c1994 | ||
| 350 | _a0 | ||
| 490 |
_aContract Journal _v372(5964( 3 March 1994, 10(1) |
||
| 520 | _aDiscusses case law enforcing anti-bribery measures in construction and property dealings in the light of the Malaysian government`s decision to boycott British companies. | ||
| 650 | _aANTI-BRIBERY | ||
| 650 | _aBRIBERY | ||
| 650 | _aCORRUPTION | ||
| 650 | _aDAMAGES | ||
| 650 | _aMALAYSIA | ||
| 690 | _aBUILT ENVIRONMENT-BUILDING CONTRACT FORMS | ||
| 942 | _n0 | ||
| 948 | _c04/03/1997 | ||
| 999 |
_c47107 _d47107 |
||